Statistics for World Capitals - Four Minute Sprint

Click here to take the quiz!

General Stats

  • This quiz has been taken 613 times
  • The average score is 121 of 196

Answer Stats

capital% Correct
Brasilia
93%
Lima
93%
Berlin
91%
Bogotá
91%
Buenos Aires
91%
Paris
91%
Tokyo
91%
Caracas
88%
Moscow
88%
Oslo
88%
Rome
88%
La Paz or Sucre
87%
London
87%
Ottawa
87%
Santiago
87%
Washington
87%
Dublin
86%
Madrid
86%
Minsk
86%
Beijing
84%
Havana
84%
Helsinki
84%
Mexico City
84%
Vienna
84%
Amsterdam
83%
Kyiv
83%
Quito
83%
Riga
83%
Tallinn
83%
Budapest
82%
Canberra
82%
Montevideo
82%
New Delhi
82%
Panama City
82%
Asunción
80%
Athens
80%
Bucharest
80%
Copenhagen
80%
Lisbon
80%
Sofia
80%
Vilnius
80%
Brussels
79%
Sarajevo
79%
Bern
78%
Prague
78%
Tehran
78%
Zagreb
78%
Baghdad
76%
Kingston
76%
Monaco
76%
Stockholm
76%
Tirana
76%
Warsaw
76%
Georgetown
75%
Jakarta
75%
Jerusalem
75%
San Salvador
75%
Vaduz
75%
Andorra la Vella
74%
Kabul
74%
Paramaribo
74%
Seoul
74%
Baku
72%
Belgrade
72%
Doha
72%
Reykjavik
72%
Valletta
72%
Bangkok
71%
Cairo
71%
San José
71%
Ankara
70%
Beirut
70%
Bratislava
70%
Chișinău
70%
Dhaka
70%
Guatemala City
70%
Luxembourg
70%
Manila
70%
Nassau
70%
Pristina
70%
San Marino
70%
Skopje
70%
Wellington
70%
Kuwait City
68%
Santo Domingo
68%
St John's
68%
Vatican City
68%
Belmopan
67%
Malé
67%
Riyadh
67%
Astana
66%
Managua
66%
Muscat
66%
Port-au-Prince
66%
St George's
66%
Taipei
66%
Yerevan
66%
Hanoi
64%
Kathmandu
64%
Podgorica
64%
Pyongyang
64%
Suva
64%
Thimphu
64%
Amman
63%
Nicosia
63%
Algiers
62%
Kuala Lumpur
62%
Tbilisi
62%
Dakar
61%
Damascus
61%
Ljubljana
61%
Phnom Penh
61%
Singapore
61%
Bridgetown
59%
Manama
59%
Port-of-Spain
59%
Roseau
59%
Tegucigalpa
58%
Sana'a
57%
Addis Ababa
55%
Islamabad
55%
Tunis
55%
Vientiane
55%
Yaren
55%
Abu Dhabi
54%
Apia
54%
Bishkek
54%
Castries
54%
Dili
54%
Dushanbe
54%
Pretoria, Cape Town or Bloemfontein
54%
Tripoli
54%
Abuja
53%
Kingstown
53%
Port Vila
53%
Rabat
53%
Tashkent
53%
Ulaanbaatar
53%
Ashgabat
51%
Asmara
51%
Funafuti
51%
Basseterre
50%
Nairobi
50%
Accra
49%
Colombo
49%
Majuro
49%
Port Moresby
49%
Honiara
46%
Kigali
46%
Palikir
46%
South Tarawa
46%
Djibouti
45%
Luanda
45%
Juba
43%
Lomé
43%
Port Louis
43%
Windhoek
43%
Bissau
42%
Malabo
42%
Bandar Seri Begawan
41%
Harare
41%
Naypyidaw
41%
Bangui
39%
Banjul
39%
Bamako
38%
Kinshasa
38%
Maputo
38%
Mogadishu
38%
Ngerulmud
38%
Niamey
38%
Nuku'alofa
38%
Porto-Novo or Cotonou
38%
Victoria
38%
Freetown
37%
Khartoum
37%
Maseru
37%
Ouagadougou
37%
Praia
37%
Brazzaville
36%
Conakry
36%
Gaborone
33%
Lusaka
33%
Mbabane
32%
Monrovia
32%
Dodoma
30%
Libreville
30%
Gitega
29%
Kampala
29%
Moroni
29%
Antananarivo
28%
São Tomé
28%
Lilongwe
26%
Yaoundé
26%
Yamoussoukro
24%
N'Djamena
21%
Nouakchott
21%

Score Distribution

Percentile by Number Answered

Percent of People with Each Score

Your Score History

You have not taken this quiz